| 000 | 00901nam a2200169 i 4500 | ||
|---|---|---|---|
| 001 | 151548 | ||
| 003 | ES-MaACL | ||
| 005 | 20230906204244.0 | ||
| 008 | 970418s1862 sp |||| | spa d | ||
| 040 |
_aCLM _bspa _cCLM |
||
| 100 | 0 |
_aArias de Miranda, José. _922773 |
|
| 245 | 1 | 0 |
_aReseña historica de la beneficencia española: principios que convendra seguir para enlazar la caridad privada con la Beneficencia pública ; hasta donde deben estender [sic] su acción el Estado ; las Asociaciones ... / _cJosé Arias Miranda. |
| 260 |
_aMadrid : _b[s.n.], _c1862 ( _fImprenta del Colegio de Sordo-Mudos y de ciegos) |
||
| 300 |
_aX, 164 p. ; _c26 cm. |
||
| 500 | _aObra laureada con el accessit por la Real Academia de Ciencias Morales y Políticas en el concurso de 1860. | ||
| 852 |
_aES-MaACL _jF-M-III-O (I) _z-- Enc. pasta española _q-- Falto de la cub. original _z-- Enc. en un vol. facticio |
||
| 999 |
_c151548 _d151548 |
||